Normal view
MARC view
Entry Personal Name
001 - CONTROL NUMBER
- control field: 20788
003 - CONTROL NUMBER IDENTIFIER
- control field: dpl
005 - DATE AND TIME OF LATEST TRANSACTION
- control field: 20100920135018.0
008 - FIXED-LENGTH DATA ELEMENTS
- fixed length control field: 100920|||a|||||| | ||| d
040 ## - CATALOGING SOURCE
- Original cataloging agency: dpl
- Transcribing agency: dpl
100 ## - HEADING--PERSONAL NAME
- Personal name: चोपड़ा,जे.के.,संपादक
670 ## - SOURCE DATA FOUND
- Source citation: Work cat.: (dpl)91: यूनीक क्विटेसेन्स का समाजशास्त्र:संघ लोक सेवा आयोग/राज्य सेवा प्रारम्भिक परीक्षा, 2006
670 ## - SOURCE DATA FOUND
- Source citation: Work cat.: (dpl)91: यूनीक क्विटेसेन्स का समाजशास्त्र:संघ लोक सेवा आयोग/राज्य सेवा प्रारम्भिक परीक्षा, 2006
